Welcome to the Holygrace Academy Library

Please use search bar below to get started

THE MIDNIGHT HOUR (Record no. 3316)

MARC details
000 -LEADER
fixed length control field 00295nam a22001337a 4500
020 ## - INTERNATIONAL STANDARD BOOK NUMBER
ISBN 0-440-22504-3
082 ## - DEWEY DECIMAL CLASSIFICATION NUMBER
Classification number 823
Item number ROB/M
100 ## - MAIN ENTRY--AUTHOR NAME
Personal name ROBARDS,KAREN
245 ## - TITLE STATEMENT
Title THE MIDNIGHT HOUR
260 ## - PUBLICATION, DISTRIBUTION, ETC. (IMPRINT)
Place of publication NEW YORK
Name of publisher DELL PUBLISHING
300 ## - PHYSICAL DESCRIPTION
Number of Pages 454
650 ## - SUBJECT ADDED ENTRY--TOPICAL TERM
Topical Term ENGLISH NOVEL
Geographic subdivision NEW YORK
942 ## - ADDED ENTRY ELEMENTS (KOHA)
Koha item type Books
Holdings
Withdrawn status Lost status Collection code Home library Current library Shelving location Date acquired Source of acquisition Full call number Accession Number Koha item type
    Fiction Main Library Main Library SHELF 2-J-ENGLISH NOVELS FOR TEACHERS 18/06/2010 PURCHASE 823 ROB/M 05411 Books